00673nam a2200217 a 4500003000400000005001700004008004100021020001800062040002400080041000800104082001500112110003700127245009300164250001200257260005200269300001000321440003700331653002600368653002600394653003500420OSt20131108181430.0131108s1977 sz ||||| |||| 00| 0 spa d a92-4-120612-8 cBiblioteca Medicina aspa aOMS WA 240 aOrganizacion Mundial de la Salud00aResiduos de plaguicidas en los alimentos. Informe de la Reunion Conjunta FAO/OMS de 1976 a1° ed. aGinebrabOrganizacion Mundial de la Saludc1977 a38 p.00aOrganizacion Mundial de la Salud aALIMENTOS-TOXICOLOGIA aALIMENTOS-PLAGUICIDAS aCONTAMINACION DE LOS ALIMENTOS